[Event "17th Delhi GM Open 2019"]
[Site "Delhi"]
[Date "2019.01.13"]
[Round "7"]
[White "Gukesh D"]
[Black "Narayanan.S.L"]
[Result "1/2-1/2"]
[WhiteElo "2497"]
[BlackElo "2575"]
[Annotator "TA"]
[PlyCount "106"]
[EventDate "2019.01.09"]
[EventType "swiss"]
[EventCountry "IND"]
[SourceTitle "playchess.com"]
[Source "ChessBase"]
[SourceQuality "1"]

{[%evp 14,106,12,12,14,9,18,6,24,21,41,41,45,37,40,33,52,0,0,-2,8,0,9,0,-3,-80,-80,-80,-80,-80,-80,-80,-80,-80,-80,-143,-134,-156,-147,-140,-150,-151,-134,-141,-86,-153,-132,-125,-135,-170,-168,-137,-16,-15,-16,-14,-13,-17,-16,-18,-2,-13,-8,-10,0,0,0,0,-11,-16,0,-35,-35,-37,-35,-44,0,-18,-7,-8,0,-8,0,0,0,0,0,-8,-8,-8,0,0,0,0,0]} 1. Nf3 Nf6 2. g3 d6 3. d4 g6 4. b3 Bg7 5. Bb2 c5 6. d5 b5 7. Bg2 O-O 8. O-O {LiveBook: 6 Games. A49: 1 d4 Nf6 2 Nf3 g6 3 g3: Anti-King's Indian systems} Bb7 (8... Nbd7 9. Re1 Nb6 10. e4 e6 11. dxe6 Bxe6 12. Nbd2 h6 13. Qe2 Rb8 14. Rad1 Re8 15. Ba1 a6 {1-0 (37) Markus,R (2613)-Martinovic,S (2567) Biograd 2018}) 9. c4 Nbd7 10. Nbd2 Re8 $146 ({Predecessor:} 10... b4 11. Qc2 e5 12. dxe6 fxe6 13. Ng5 Bxg2 14. Nxe6 {1-0 (22) Klitgaard,E (1914)-Skjolingstad,S (1509) Helsingor 2016}) 11. Qc2 Qc7 12. e4 b4 13. Rfe1 e6 14. Rad1 a5 15. dxe6 (15. a4 $14) 15... Rxe6 $11 16. Ng5 Re7 17. Nh3 Rae8 18. Nf4 Bh6 19. Nd5 (19. Qd3 $11 {keeps the balance.}) 19... Nxd5 $17 20. cxd5 Bxd5 {[%mdl 64] [#] Pin} 21. Nc4 Bxc4 $1 22. Qxc4 Bg7 23. Bxg7 Kxg7 24. Qa6 ({White should play} 24. Qd3) 24... Re6 25. Bh3 Rxe4 26. Rxe4 Rxe4 27. Qxd6 Qxd6 28. Rxd6 {[%mdl 4096] Endgame KRB-KRN} Ne5 (28... Re1+ $142 29. Kg2 Ne5) 29. Ra6 (29. f4 $142 Nf3+ 30. Kf2 Nxh2 31. Rd2) 29... c4 30. bxc4 Nxc4 {Threatens to win with ...Re1+.} 31. Ra7 {[#]} Re1+ $1 32. Kg2 Re2 (32... h5 $17 {And now ...Re2 would win.} 33. Rc7 Re4) 33. Bg4 $1 $11 {[%cal Rg4e2]} Re5 34. Bd1 Nd2 35. Rd7 Ne4 36. Ra7 Rf5 37. f3 Nc3 38. Bb3 h5 39. h3 g5 40. g4 hxg4 41. hxg4 Re5 42. Rxf7+ Kg6 {...a4 is the strong threat.} 43. f4 gxf4 44. Rxf4 Re2+ (44... a4 $5 {[%cal Ra4b3]} 45. Bc4 Re3 $17) 45. Rf2 {The position is equal.} Re3 46. Rf3 Re5 47. a3 Re2+ 48. Kf1 {Hoping for Rxc3!} Rb2 49. Bf7+ Kg5 50. axb4 axb4 51. Be6 Rb1+ 52. Kg2 Re1 53. Rf5+ Kg6 {Accuracy: White = 61%, Black = 57%.} 1/2-1/2

[Event "17th Delhi GM Open 2019"]
[Site "Delhi"]
[Date "2019.01.13"]
[Round "7"]
[White "Harsha Bharathakoti"]
[Black "Sidhant, Mohapatra"]
[Result "1-0"]
[WhiteElo "2481"]
[BlackElo "2344"]
[Annotator "TA"]
[PlyCount "71"]
[EventDate "2019.01.09"]
[EventType "swiss"]
[EventCountry "IND"]
[SourceTitle "playchess.com"]
[Source "ChessBase"]
[SourceQuality "1"]

{[%evp 14,70,0,-5,58,63,55,47,52,47,118,76,84,48,45,20,25,19,30,30,54,62,235,261,270,254,249,197,208,205,202,192,210,186,203,188,209,147,155,146,202,204,208,192,281,277,277,270,738,738,738,722,629,610,626,604,29998,29999,29999]} 1. c4 c6 2. e4 d5 3. exd5 cxd5 4. cxd5 Nf6 5. Nc3 Nxd5 6. Bc4 Nb6 7. Bb3 Nc6 8. Nf3 {LiveBook: 84 Games} Nd4 {B10: Caro-Kann: 2 d3 and 2 c4} (8... Bf5 $11) (8... Bf5 9. d4 e6 10. O-O Be7 11. Be3 O-O 12. Ne5 Na5 13. Bc2 Bxc2 14. Qxc2 Rc8 15. Qe2 Nac4 16. Nxc4 Nxc4 17. Rad1 Qb6 18. Bc1 Bf6 19. b3 Nd6 20. Ne4 Nxe4 21. Qxe4 Rfd8 22. d5 exd5 23. Rxd5 Rxd5 {½-½ (23) Miezis,N (2463)-Cruz Lledo,P (2443) Charleroi 2018}) 9. Nxd4 $1 $14 Qxd4 10. O-O e6 {White is slightly better.} 11. a4 a5 $146 (11... Be7 $14) ({Predecessor:} 11... Bd7 12. a5 Nc8 13. d3 Bc6 14. Be3 Qd7 15. d4 Bd6 16. Qg4 {½-½ (29) Nunn,J-Enklaar,B Amsterdam 1975}) 12. Nb5 Qd8 13. d4 {Hoping for Bf4.} Bd7 $1 14. Qe2 {d5 is the strong threat.} Be7 15. Bf4 {Black must now prevent Bc7.} O-O 16. Rac1 {Strongly threatening Bc7.} Bxb5 17. Qxb5 {And now Bc7 would win.} Bd6 $2 ({Black should play} 17... Nc8 $14) 18. Bg5 $18 f6 19. Bxe6+ Kh8 20. Be3 Bxh2+ 21. Kh1 {Threatens to win with d5.} Bd6 22. d5 f5 {( -> ...Qh4+)} 23. f4 $36 {[%mdl 2048] Black is under strong pressure.} Nc8 24. g3 Bb4 25. Qxb7 Nd6 26. Qb6 $1 Qf6 (26... Qe8 $16 {keeps fighting.}) 27. Bd4 $1 {[%cal Rd4f6]} Qg6 {[#]} 28. Rf3 $1 ({Weaker is} 28. Rc7 Ne8 $16) 28... Rab8 (28... h5 {might work better.} 29. Kg2 (29. Rc7 Ne8 $18) 29... Ne4) 29. Qa6 Ne4 {[#]} 30. Rc7 $1 Nxg3+ $2 {[#]} (30... Nf6 31. Kg2 Rbe8) 31. Rxg3 $1 {[%mdl 512]} Qxg3 32. Rxg7 Qxg7 33. Bxg7+ Kxg7 34. Qa7+ Kg6 35. Qg1+ Kf6 36. Qg5# {Accuracy: White = 88%, Black = 37%.} 1-0

[Event "17th Delhi GM Open 2019"]
[Site "Delhi"]
[Date "2019.01.13"]
[Round "7"]
[White "Rahman, Ziaur"]
[Black "Ghosh, Diptayan"]
[Result "0-1"]
[WhiteElo "2470"]
[BlackElo "2544"]
[Annotator "TA"]
[PlyCount "16"]
[EventDate "2019.01.09"]
[EventType "swiss"]
[EventCountry "IND"]
[SourceTitle "playchess.com"]
[Source "ChessBase"]
[SourceQuality "1"]

{[%evp 9,14,12,13,-279,-289,-370,-376]} 1. d4 Nf6 2. Bg5 d5 {[%cal Bd7d5,Bd5c4,Bc4d3][%mdl 32]} 3. e3 c6 4. Bd3 Bg4 (4... Qb6 5. b3 Nbd7 6. Nd2 e5 7. c3 Bd6 8. Ne2 Qc7 9. h3 O-O 10. Rc1 Re8 11. O-O a6 12. c4 exd4 13. exd4 dxc4 14. Nxc4 {½-½ (69) Jobava,B (2690)-Sjugirov,S (2650) Riadh 2017}) 5. Ne2 Nbd7 {LiveBook: 26 Games} 6. c4 $2 {[%mdl 8192] [#] D00: 1 d4 d5: Unusual lines} (6. Bf4 $11 {and White has nothing to worry.}) 6... dxc4 $19 7. Bxf6 cxd3 ({Stronger than} 7... gxf6 8. Bxc4 e6 9. Qb3 $11) {Predecessor:} 8. Bxe7 $146 dxe2 {0-1 (8) Stiefel,R (2049)-Sehrt,J (2279) Germany 2014} 0-1

[Event "17th Delhi GM Open 2019"]
[Site "Delhi"]
[Date "2019.01.13"]
[Round "7"]
[White "Deviatkin, Andrei"]
[Black "Kathmale, Sameer"]
[Result "1/2-1/2"]
[WhiteElo "2461"]
[BlackElo "2312"]
[Annotator "TA"]
[PlyCount "56"]
[EventDate "2019.01.09"]
[EventType "swiss"]
[EventCountry "IND"]
[SourceTitle "playchess.com"]
[Source "ChessBase"]
[SourceQuality "1"]

{[%evp 10,56,13,0,4,0,10,0,26,22,18,31,29,18,55,49,38,25,33,-31,-35,-45,-29,0,0,-51,0,0,0,0,0,-45,98,90,116,-214,20,0,0,0,0,0,0,0,0,0,0,0,0]} 1. d4 Nf6 2. Nf3 g6 3. Bg5 Bg7 4. e3 O-O 5. Nbd2 d5 6. h3 {LiveBook: 6 Games. D03: 1 d4 d5 2 Nf3 Nf6 3 Bg5, including Torre Attack with early ...d5} (6. c3 c5 7. Be2 h6 8. Bh4 cxd4 9. cxd4 Nc6 10. a3 Ne4 11. Nxe4 dxe4 12. Nd2 f5 13. O-O g5 14. Bg3 f4 15. exf4 gxf4 {1-0 (73) Duda,J (2737)-Grischuk,A (2766) chess.com INT 2018}) 6... h6 $146 ({Predecessor:} 6... c5 7. c3 b6 8. Be2 Bb7 9. O-O Nc6 10. Qb1 h6 11. Bh4 e6 12. Rd1 Ne7 13. dxc5 bxc5 14. Bxf6 Bxf6 {1-0 (53) Deviatkin,A (2441)-Tryggestad,A (2243) Oslo 2018}) 7. Bh4 Nbd7 8. Be2 Ne4 9. Nxe4 dxe4 10. Nd2 f5 11. c3 Bf6 12. Bxf6 Nxf6 13. Qb3+ Kg7 14. g4 (14. Nc4 $14) 14... fxg4 $15 15. hxg4 Bxg4 16. Bxg4 Nxg4 17. Nxe4 ({Better is} 17. Rf1 $1 $11) 17... Qd7 (17... Qc8 $1 $15 18. O-O-O Nxf2 19. Nxf2 Rxf2) 18. Nc5 ({Not} 18. Qxb7 $2 Rab8 $19) 18... Qf5 19. O-O-O Kh7 20. Qxb7 (20. e4 $5 {[%cal Re4f5]} Qf4+ 21. Kb1 $11) 20... Rab8 (20... Nxf2 $15 {stays ahead.} 21. Rhf1 Qh3) 21. Qxc7 $16 {aiming for Rdf1.} Qxf2 {[%csl Gb8][%cal Rf2b2][%mdl 64] Double Attack} 22. Nb3 $2 {[%mdl 8192]} (22. Nd3 $16 {is forced if you want to stay better.} Qxe3+ 23. Kb1) 22... Nxe3 $2 (22... Qxe3+ $19 23. Kb1 Qe4+ 24. Ka1 Ne3) 23. Qxe7+ {The position is equal.} Rf7 {[%csl Ge3][%cal Rf2c2] [#]} 24. Rxh6+ $1 {[%mdl 512]} Kxh6 {[%csl Ge3][%cal Rf2c2]} 25. Rh1+ Kg7 $1 {[%csl Ge3][%cal Rf2c2]} 26. Qe5+ {[%mdl 64] Double Attack} Rf6 {[%csl Ge3][%cal Rf2c2]} 27. Qc7+ $1 Rf7 {[%csl Ge3][%cal Rf2c2] [#]} 28. Qe5+ Rf6 {Accuracy: White = 48%, Black = 48%.} 1/2-1/2

[Event "17th Delhi GM Open 2019"]
[Site "Delhi"]
[Date "2019.01.13"]
[Round "7"]
[White "Vignesh N R"]
[Black "Deepan Chakkravarthy J."]
[Result "1/2-1/2"]
[WhiteElo "2461"]
[BlackElo "2543"]
[Annotator "TA"]
[PlyCount "67"]
[EventDate "2019.01.09"]
[EventType "swiss"]
[EventCountry "IND"]
[SourceTitle "playchess.com"]
[Source "ChessBase"]
[SourceQuality "1"]

{[%evp 31,67,37,44,0,0,0,0,0,0,0,0,0,0,0,0,0,0,0,25,14,-145,16,32,13,13,18,11,30,31,10,10,10,13,16,10,18,10,13]} 1. e4 c5 2. Nf3 d6 3. d4 cxd4 4. Nxd4 Nf6 5. Nc3 Nc6 6. Bg5 e6 7. Qd2 a6 8. O-O-O Bd7 {[%cal Bc8d7,Bd7c6,Bc6b7][%mdl 32]} 9. f3 b5 10. Nxc6 Bxc6 11. Kb1 Be7 12. h4 O-O 13. Ne2 {B67: Sicilian: Richter-Rauzer: 7...a6 8 0-0-0 Bd7, lines without 9 f4 Be7} Bb7 14. Nd4 Rc8 15. g4 {[%cal Bg2g4,Bg4g5][%mdl 32]} Nd7 16. Bxe7 Qxe7 {[#] LiveBook: 3 Games} 17. Qe1 $146 ({Predecessor:} 17. Qe3 b4 18. g5 Nc5 {1-0 (32) Leko,P (2693)-Kozul,Z (2613) Tallinn 2016}) 17... Qf6 18. Qe3 d5 19. g5 Qe5 {[%cal Rd5e4]} 20. Bg2 dxe4 21. f4 $1 {[%cal Rf4e5]} Qd5 22. Nb3 Qc6 23. Nd4 Qd5 24. Nb3 Qc4 25. Rxd7 {Nd4 is the strong threat.} Qxc2+ {[%mdl 64] [#] Double Attack} 26. Ka1 {Black must now prevent Rd2.} Qxg2 27. Rg1 Qf3 28. Qxf3 exf3 29. Rxb7 {Strongly threatening Rf1.} Rc4 30. Rd7 Rxf4 {The position is equal.} 31. Rd4 f2 32. Rf1 Rxd4 33. Nxd4 Rd8 34. Nb3 {Accuracy: White = 76%, Black = 93%.} 1/2-1/2

[Event "17th Delhi GM Open 2019"]
[Site "Delhi"]
[Date "2019.01.13"]
[Round "7"]
[White "Karthikeyan, P.."]
[Black "Neelash Saha"]
[Result "1/2-1/2"]
[WhiteElo "2457"]
[BlackElo "2300"]
[Annotator "TA"]
[PlyCount "60"]
[EventDate "2019.01.09"]
[EventType "swiss"]
[EventCountry "IND"]
[SourceTitle "playchess.com"]
[Source "ChessBase"]
[SourceQuality "1"]

{[%evp 17,60,8,28,0,0,0,30,17,16,14,35,37,25,40,26,33,36,21,47,6,26,0,40,4,42,0,5,0,10,0,0,0,0,0,0,0,12,20,12,0,0,0,0,0,0]} 1. d4 Nf6 2. Nf3 d5 3. Bf4 c5 4. e3 Nc6 5. Nbd2 e6 6. c3 Bd6 7. Bg3 O-O 8. Bb5 {D02: 1 d4 d5 2 Nf3 sidelines, including 2...Nf6 3 g3 and 2...Nf6 3 Bf4} Ne7 (8... Be7 9. Bd3 b6 10. O-O Bb7 11. h3 Bd6 12. Bh4 Be7 13. Qb1 h6 14. a3 Nh5 15. Bxe7 Qxe7 {½-½ (64) Carlsen,M (2837)-Wang,H (2709) Riadh 2017}) 9. Bd3 Nc6 {LiveBook: 7 Games} 10. O-O {White has an edge.} Bxg3 11. hxg3 Qd6 $146 (11... b6 {is more complex.} 12. Ne5 Bb7 13. Bb5 Rc8 14. a4 h6) ({Predecessor:} 11... b6 12. Ne5 Nxe5 13. dxe5 Nd7 14. f4 {1-0 (21) Sandipan,C (2555)-Glaser,C (2114) Tegernsee 2017}) 12. dxc5 Qxc5 13. e4 dxe4 14. Nxe4 Nxe4 15. Bxe4 Rd8 16. Qc2 h6 17. b4 Qb6 18. a4 Qc7 19. a5 Ne7 20. Rfe1 (20. a6 $5) 20... Bd7 21. Ne5 (21. a6 $5 {[%cal Ra6b7]}) 21... Rac8 {The position is equal.} 22. c4 Be8 23. c5 b6 24. axb6 axb6 25. Rac1 $1 bxc5 26. bxc5 Bc6 27. Nxc6 Nxc6 28. Bxc6 Qxc6 29. Red1 Rd5 30. Rxd5 exd5 {Accuracy: White = 45%, Black = 51%.} 1/2-1/2

[Event "17th Delhi GM Open 2019"]
[Site "Delhi"]
[Date "2019.01.13"]
[Round "7"]
[White "Das, Sayantan"]
[Black "Saurabh Anand"]
[Result "1-0"]
[WhiteElo "2451"]
[BlackElo "2210"]
[Annotator "TA"]
[PlyCount "71"]
[EventDate "2019.01.09"]
[EventType "swiss"]
[EventCountry "IND"]
[SourceTitle "playchess.com"]
[Source "ChessBase"]
[SourceQuality "1"]

{[%evp 17,71,28,24,6,18,14,25,24,45,4,81,72,92,70,70,70,81,73,97,89,84,85,119,0,57,0,68,78,83,77,158,158,148,170,165,158,171,156,187,180,242,245,254,237,456,436,708,676,678,661,29991,29992,29992,29993,29993,29990]} 1. e4 e5 2. Bc4 Nf6 3. d3 c6 4. Bb3 Be7 5. Nf3 d6 6. Nbd2 {C24: Bishop's Opening: 2...Nf6} O-O 7. O-O Nbd7 8. c3 Nc5 9. Bc2 Bg4 {LiveBook: 6 Games} 10. Nc4 Ne6 $146 ({Predecessor:} 10... Bh5 11. Ne3 d5 12. Nf5 Re8 13. Qe2 Bf8 14. h3 Qc7 {½-½ (35) Svidler,P (2751)-Bu,X (2710) Tbilisi 2017}) 11. Ne3 Bxf3 12. Qxf3 g6 13. Rd1 c5 (13... Qc7 $11 {remains equal.}) 14. Bb3 Qd7 15. Nf1 Nh5 16. Bh6 Rfe8 17. Ng3 Nxg3 18. hxg3 Bf8 19. Be3 Be7 20. Bh6 ({White should play} 20. Rf1 $16) 20... Bf8 $1 $14 {[%cal Rf8h6]} 21. Be3 (21. Bxf8 $14 Rxf8 22. Qe3) 21... b5 ({Black should try} 21... Be7 $1 $11) 22. a4 a6 23. Bd5 Ra7 ({Better is} 23... Rab8) 24. axb5 $16 Qxb5 25. b4 Qd7 26. Ra5 Nc7 27. Bc4 Nb5 28. Rda1 {[%cal Bd1a1,Ba1a8,Ba8f8][%mdl 32]} Rc7 (28... Rea8 {might work better.} 29. bxc5 dxc5) 29. bxc5 $18 dxc5 30. Rxa6 Nxc3 $2 (30... Nd6 31. Bd5 Nb5) 31. Rf6 Re7 (31... Bg7 $142 32. Rxf7 Qxf7 33. Bxf7+ Rxf7) 32. Ra8 {[#] White threatens Bh6 and mate.} Kg7 33. Bg5 {And now Rxg6+! would win.} h6 34. Rxg6+ {White mates.} Kxg6 35. Qf6+ Kh5 36. Rxf8 {Precision: White = 55%, Black = 34%.} 1-0

[Event "17th Delhi GM Open 2019"]
[Site "Delhi"]
[Date "2019.01.13"]
[Round "7"]
[White "Shyaamnikhil P"]
[Black "Stupak, Kirill"]
[Result "0-1"]
[WhiteElo "2446"]
[BlackElo "2542"]
[Annotator "TA"]
[PlyCount "83"]
[EventDate "2019.01.09"]
[EventType "swiss"]
[EventCountry "IND"]
[SourceTitle "playchess.com"]
[Source "ChessBase"]
[SourceQuality "1"]

{[%evp 21,83,24,43,0,0,-13,-38,-26,-13,-53,-39,-81,-79,-103,-94,-144,-108,-94,-42,-97,0,-173,-166,-168,-164,-435,-281,-603,-593,-598,-598,-592,-595,-619,-442,-443,-375,-988,-320,-356,-362,-347,-326,-329,-318,-653,-650,-682,-252,-252,-250,-250,-250,-252,-245,-266,-254,-366,-358,-366,-365,-361,-359,-2566]} 1. e4 e6 2. d4 d5 3. Nc3 Nc6 4. Nf3 Nf6 5. e5 Ne4 6. Bd3 Bb4 7. Bd2 Nxd2 8. Qxd2 f6 9. a3 Bxc3 10. Qxc3 fxe5 {C10: French with 3 Nc3: Unusual Black 3rd moves and 3...dxe4} 11. dxe5 Bd7 {LiveBook: 18 Games} 12. Bb5 $146 ({Predecessor:} 12. b4 O-O 13. b5 Ne7 14. Rb1 h6 15. O-O Rc8 16. Qd4 c5 17. bxc6 Nxc6 18. Qg4 {1-0 (61) Areshchenko,A (2678)-Shtembuliak,E (2478) Rivne 2016}) 12... O-O {The position is equal.} 13. O-O-O Rc8 14. Bd3 h6 15. h4 Ne7 16. Rh3 c5 17. Rg3 Kh8 18. Rh1 Qb6 19. Qd2 d4 (19... c4 $17 20. Bf1 Rc7) 20. b3 (20. Qe2 $15) 20... Nd5 (20... a5 $17 21. a4 Nd5) 21. Rg4 $2 (21. Rg6 $1 $11) 21... Bb5 $19 22. Bxb5 Qxb5 23. Rg6 $2 (23. Qd3 Qxd3 24. cxd3) 23... Qa6 24. a4 $2 (24. Kb2 c4 25. bxc4 Qxc4 26. Qd3 Qxd3 27. cxd3) 24... c4 {[#] ...cxb3 is the strong threat.} 25. Nxd4 cxb3 26. Nxb3 Qxa4 27. Kb2 Nb4 {( -> ...Rxf2!)} 28. Ra1 Qb5 29. Rc1 $2 (29. Ra5 Qe8 30. Rxh6+ gxh6 31. Qxb4) 29... Qxe5+ $2 (29... Rfd8 30. Qxd8+ Rxd8) 30. Qd4 Qxd4+ 31. Nxd4 Rxf2 32. Kb3 e5 33. Ne6 $2 (33. Kxb4 exd4 34. Rd1) 33... Nxc2 34. Rd1 Nd4+ $2 (34... b5 {Hoping for ...a5.} 35. Rxg7 {[#]} Nd4+ $1 {[%mdl 576] Deflection} 36. Nxd4 Kxg7 37. Nxb5 Rb8 38. Rd7+ Kf6) 35. Nxd4 exd4 36. Rxd4 {[%mdl 4096] Endgame KRR-KRR} Kh7 37. h5 Rcf8 38. Ra4 R8f5 39. Rxa7 (39. Rag4 {was called for.} Rf7 40. Re4) 39... Rxh5 {Black is winning.} 40. Rg4 Rb5+ 41. Kc4 Rfb2 42. Kd4 $2 {Accuracy: White = 20%, Black = 72%.} (42. Ra4) 0-1

[Event "17th Delhi GM Open 2019"]
[Site "Delhi"]
[Date "2019.01.13"]
[Round "7"]
[White "Mohammad Nubairshah Shaikh"]
[Black "Bharat Kumar Reddy Poluri"]
[Result "1/2-1/2"]
[WhiteElo "2437"]
[BlackElo "2197"]
[Annotator "TA"]
[PlyCount "137"]
[EventDate "2019.01.09"]
[EventType "swiss"]
[EventCountry "IND"]
[SourceTitle "playchess.com"]
[Source "ChessBase"]
[SourceQuality "1"]

{[%evp 28,137,-23,-25,-20,-43,-20,-20,-20,-20,-48,-38,-35,-32,-22,-36,-34,-75,-81,-85,-89,-93,-96,-107,-104,-103,-85,-82,-79,-87,-70,-79,-53,-54,-35,-50,-48,-82,-86,-89,-34,-54,-8,-11,-3,-3,-3,-10,-10,-11,-18,-14,0,-8,-8,-8,-6,-19,-19,-49,-47,-49,-53,-63,-50,-52,-12,-90,-53,-90,-90,-90,-90,-84,-34,-51,-3,-8,0,0,0,0,0,0,0,0,0,0,0,0,0,0,8,0,0,0,0,0,0,0,1,8,8,8,8,0,0,0,0,0,0,0]} 1. d4 e6 2. c4 Nf6 3. Nc3 Bb4 4. Qc2 O-O 5. e4 d5 6. e5 Ne4 7. Bd3 c5 8. cxd5 exd5 9. Nge2 cxd4 10. Nxd4 Nd7 {E32: Nimzo-Indian: Classical (4 Qc2): 4...0-0} (10... Qc7 11. O-O Bxc3 12. bxc3 Qxe5 13. Re1 Qh5 14. Ba3 Re8 15. c4 Bd7 16. cxd5 Nf6 17. Rxe8+ Nxe8 18. Nf5 Na6 19. Re1 Nac7 20. Qc5 {1-0 (20) Akobian,V (2585)-Mitkov,N (2528) Las Vegas 2007}) 11. f4 Qh4+ 12. g3 Qh3 13. Bf1 Qh6 14. Bg2 Qa6 15. Bxe4 {LiveBook: 4 Games} dxe4 16. Qe2 $146 ({Predecessor:} 16. Kf2 Rd8 17. Be3 Nb6 18. Nxe4 Nd5 19. a3 Be7 20. Rac1 Bh3 21. Rhd1 Bg4 22. Rd2 Nxe3 23. Kxe3 Rac8 24. Qb1 Rc4 {½-½ (24) Pheby,I (2246)-Woznica,M (2319) ICCF email 2016}) 16... b6 (16... Qxe2+ {looks sharper.} 17. Kxe2 Rd8 18. Be3 Nc5 19. Rhb1 b6) 17. O-O Bxc3 18. bxc3 Qxe2 19. Nxe2 Ba6 20. Re1 Rfc8 21. Be3 Nc5 22. Bd4 {[#]} Nd3 $1 $36 {[%cal Rd3e1][%mdl 2048] White is under strong pressure.} 23. Reb1 {[#]} Nxe5 $1 {[%mdl 512]} 24. Bxe5 {And now Re1 would win.} Bxe2 25. Kf2 Bd3 26. Rb2 Rc6 27. a4 f6 28. Bd4 Kf7 29. g4 Rc7 30. Ke3 {[#]} h5 $1 {[%mdl 512]} 31. g5 (31. gxh5 Rh8) 31... fxg5 32. fxg5 Kg6 33. Rf2 Rcc8 ({Black should play} 33... h4 $17 34. a5 b5) 34. a5 Rf8 {With the idea ...Rxf2.} 35. axb6 Rxf2 36. Kxf2 $11 {[%mdl 4096] Endgame KRB-KRB} Rf8+ 37. Kg2 axb6 38. Ra7 Kxg5 {White should prevent ...Bf1+.} 39. Rxg7+ Kh6 40. Re7 Rg8+ 41. Kf2 b5 42. Be3+ Kg6 43. Re5 Rf8+ 44. Ke1 Rf3 45. Kd2 h4 46. Rg5+ Kf6 {Hoping for ...Rxe3!} 47. Rg2 (47. Rg4 $11 {keeps the balance.}) 47... Ke6 48. Rf2 Rh3 49. Rg2 Kd5 50. Bg5 Rf3 {...h3 is the strong threat.} 51. Bxh4 Rf1 (51... Bc4 $5 {[%cal Re4e3]} 52. Bg5 Rd3+ 53. Kc2 e3 $17) 52. Rg8 {The position is equal.} Ra1 53. Rd8+ Ke6 54. Ke3 Ra2 55. Bg3 Ra3 56. Be1 Ke7 57. Rb8 Ra2 {aiming for ...Re2+.} 58. Bg3 Rc2 59. Kd4 Kf6 60. Be5+ Kf5 61. Rf8+ Ke6 62. Rf6+ Ke7 63. Rb6 Rc1 64. Bf4 Rc2 65. h4 {Black must now prevent h5.} Rf2 66. Bg5+ Kf7 67. Ke5 Rf3 {Strongly threatening ...e3.} 68. Rd6 Bc2 69. Rf6+ {Precision: White = 47%, Black = 57%.} 1/2-1/2

[Event "17th Delhi GM Open 2019"]
[Site "Delhi"]
[Date "2019.01.13"]
[Round "7"]
[White "Girish, A. Koushik"]
[Black "Predke, Alexandr"]
[Result "1-0"]
[WhiteElo "2411"]
[BlackElo "2620"]
[Annotator "TA"]
[PlyCount "115"]
[EventDate "2019.01.09"]
[EventType "swiss"]
[EventCountry "IND"]
[SourceTitle "playchess.com"]
[Source "ChessBase"]
[SourceQuality "1"]

{[%evp 12,115,58,36,82,82,80,80,85,82,82,82,82,82,80,70,78,77,77,77,75,74,69,27,42,0,0,0,0,0,36,30,52,47,31,47,39,42,46,38,39,39,36,56,55,48,48,45,81,80,111,95,107,97,91,94,130,127,319,293,276,268,357,356,353,342,347,345,343,339,457,468,449,396,405,394,572,559,536,526,468,337,308,290,370,370,370,221,370,370,414,396,485,485,485,485,4212,4212,1157,1147,29984,29985,29985,29986,29986,29987]} 1. d4 Nf6 2. c4 b6 3. Nc3 Bb7 4. Nf3 e6 5. a3 g6 6. Qc2 Bxf3 7. gxf3 {LiveBook: 60 Games} c5 {E12: Queen's Indian: Unusual White 4th moves, 4 a3, 4 Nc3 Bb7 5 a3 and 4 Nc3 Bb7} (7... Bg7 8. e3 d6 9. Bg2 c6 10. f4 O-O 11. Bd2 d5 12. Qa4 a6 13. O-O b5 14. cxb5 cxb5 15. Nxb5 Nbd7 {½-½ (71) Van Wely,L (2656)-Gunnarsson,J (2466) chess.com INT 2018}) 8. d5 Bg7 $146 ({Predecessor:} 8... exd5 9. Bg5 Be7 10. cxd5 d6 11. e4 O-O 12. f4 Nbd7 13. O-O-O Nh5 14. Bh6 Ng7 15. h4 {1-0 (25) Repka,C (2486)-Linster,P (2233) Baku 2016}) 9. Bg5 {[%cal Bc1g5,Bg5h4,Bh4g3][%mdl 32]} h6 {White is better.} 10. Bh4 exd5 11. Nxd5 g5 {[#]} 12. Bg3 $1 {aiming for Nc7+.} Nxd5 13. cxd5 Qf6 14. Rb1 d6 15. h4 Nd7 {[%cal Bb8d7,Bd7e5,Be5c4][%mdl 32]} 16. Bh3 b5 17. Qe4+ Ne5 18. h5 O-O 19. f4 Nc4 20. fxg5 Qxg5 {And now ...Rae8 would win.} 21. Bf4 Rae8 22. Qf5 $1 Qe7 {[%csl Ge8][%cal Re7e2]} 23. e3 Kh8 24. Bf1 Qe4 25. Qxe4 Rxe4 26. Bd3 $36 {[%mdl 2048] White is more active.} Rxf4 $1 27. exf4 {Hoping for Bxc4.} Re8+ 28. Kd1 {Kc2 is the strong threat.} Nxb2+ 29. Kc2 Nxd3 30. Kxd3 $14 {[%mdl 4096] Endgame KRR-KRB} c4+ 31. Kd2 Rb8 32. Rhe1 Bd4 {[#]} 33. Re4 $1 {[%cal Re4d4]} c3+ 34. Kc2 Bf6 $2 {[#]} (34... Bxf2 $16 {was worth a try.} 35. a4 (35. Kxc3 Kg7 $16) 35... a6 36. axb5 (36. Kxc3 Kg7 $16) 36... axb5) 35. Ra4 $1 {[%mdl 512]} Rb7 (35... bxa4 36. Rxb8+) 36. Ra6 Re7 37. Rxd6 Re2+ 38. Kb3 Bd4 39. Rxh6+ Kg7 40. Rc6 Rd2 41. d6 Kh7 42. a4 bxa4+ 43. Kxa4 Bxf2 (43... Bg7 $142 44. Kb3 a5) 44. Kb3 $18 Bd4 45. Re1 Bf6 46. Re8 c2 47. Rxc2 Rxd6 48. Rc7 Kg7 49. Rxa7 (49. Re2 $142) 49... Rd3+ (49... Rd5 $142 50. Re1 Rxh5 51. Rg1+ Kh6 52. Rxf7 Rf5) 50. Kc2 Rc3+ 51. Kd2 Rh3 52. Re3 Rxh5 53. Rg3+ Kh6 (53... Kf8 $142 54. Ra8+ Ke7 55. Re3+ Kd7 56. Ra7+ Kd8) 54. Ra6 Rf5 55. Ke3 Kh5 56. Ke4 {White mates.} Bh4 57. Kxf5 Bxg3 58. Ra1 {Precision: White = 86%, Black = 57%.} 1-0